Suriname : A Case Study of High Inflation /

Suriname recently went through a period of destabilizationthat that bordered on hyperinflation. The country's experience provides a good illustration to study the genesis and dynamics of high inflation and includes some unusual phenomena, such as a monetary overhang, an eight-tiered exchange ra...

全面介紹

書目詳細資料
主要作者: Shah, Sukhdev
其他作者: Braumann, Benedikt
格式: 雜誌
語言:English
出版: Washington, D.C. : International Monetary Fund, 1999.
叢編:IMF Working Papers; Working Paper ; No. 1999/157
在線閱讀:Full text available on IMF
LEADER 01744cas a2200253 a 4500
001 AALejournalIMF007653
008 230101c9999 xx r poo 0 0eng d
020 |c 5.00 USD 
020 |z 9781451857474 
022 |a 1018-5941 
040 |a BD-DhAAL  |c BD-DhAAL 
100 1 |a Shah, Sukhdev. 
245 1 0 |a Suriname :   |b A Case Study of High Inflation /  |c Sukhdev Shah, Benedikt Braumann. 
264 1 |a Washington, D.C. :  |b International Monetary Fund,  |c 1999. 
300 |a 1 online resource (24 pages) 
490 1 |a IMF Working Papers 
500 |a <strong>Off-Campus Access:</strong> No User ID or Password Required 
500 |a <strong>On-Campus Access:</strong> No User ID or Password Required 
506 |a Electronic access restricted to authorized BRAC University faculty, staff and students 
520 3 |a Suriname recently went through a period of destabilizationthat that bordered on hyperinflation. The country's experience provides a good illustration to study the genesis and dynamics of high inflation and includes some unusual phenomena, such as a monetary overhang, an eight-tiered exchange rate, and inflationary gold purchases by the central bank. High inflation also had a significant impact on the real economy. This paper compares the experience of Suriname with other countries discussed in the recent stabilization literature. It finds strong evidence of intertemporal demand effects, which occurred as the public reacted to the temporary bout of high inflation. 
538 |a Mode of access: Internet 
700 1 |a Braumann, Benedikt. 
830 0 |a IMF Working Papers; Working Paper ;  |v No. 1999/157 
856 4 0 |z Full text available on IMF  |u http://elibrary.imf.org/view/journals/001/1999/157/001.1999.issue-157-en.xml  |z IMF e-Library